000 00761cab a2200193 4500
001 ABS37698
008 090401t1987 xxu||||| |||| 00| 0 eng d
035 _a(Sirsi) u6265
041 _aeng
100 _aHanbury, W.
245 _aAlternative accommodation: what is reasonable?
260 _c1987
350 _a0
490 _aSolicitors` Journal
_v131(18) 1 May 1987, 580-581(2)
520 _aWith reference to caselaw, examines the requirements of the Rent Act 1977 s98 , for a landlord to find a tenant " suitable alternative accommodation ". Also looks at the demands on the landlord to satisfy the judge it is reasonable to make an order of possession against the tenant.
690 _aLandlord and tenant
_96252
942 _n0
948 _c04/03/1997
999 _c3769
_d3769